Online Catalogue and eLibrary

Maivilzhi parvail (Record no. 5000)

MARC details
000 -LEADER
fixed length control field 00362nam a2200145Ia 4500
005 - DATE AND TIME OF LATEST TRANSACTION
control field 20250403070452.0
008 - FIXED-LENGTH DATA ELEMENTS--GENERAL INFORMATION
fixed length control field 240331s9999 xx 000 0 und d
020 ## - INTERNATIONAL STANDARD BOOK NUMBER
ISBN 9789558354193
082 ## - DDC Classification
Item Number - Author Mark STE
Class No. 894
100 ## - MAIN ENTRY--PERSONAL NAME
Personal name Steven,S
245 #0 - TITLE STATEMENT
Title Maivilzhi parvail
260 ## - PUBLICATION, DISTRIBUTION, ETC.
Place of publication, distribution, etc. colombo
Name of publisher, distributor, etc. Gnanam pathippakam
Date of publication, distribution, etc. 2008
500 ## - GENERAL NOTE
General note Women's based short stories
942 ## - Koha item type (Biblio)
Koha item type Books in Stacks (Lending)
Holdings
Lost status Damaged status Collection code Home library Current library Shelving location Date acquired Full call number Accession Number Item type
    Lending WERC Library WERC Library Social Science Cupboard 03/31/2024 894.811 STE 4132 Books in Stacks (Lending)

© WERC Library